[Event "Porto Alegre Trois Cup"]
[Site "Porto Alegre"]
[Date "2022.08.21"]
[Round "5"]
[White "Sardi, Sergio Augusto"]
[Black "Calsing, Ado"]
[Result "1/2-1/2"]
[WhiteElo "1871"]
[BlackElo "1878"]
[PlyCount "106"]
[EventDate "2022.08.19"]
[EventType "swiss"]
[EventRounds "5"]
[EventCountry "BRA"]
[SourceTitle "CBM 210 Extra"]
[Source "ChessBase"]
[SourceDate "2022.11.30"]
[SourceVersion "1"]
[SourceVersionDate "2022.11.30"]
[SourceQuality "1"]

1. c4 Nf6 2. Nf3 g6 3. g3 Bg7 4. Bg2 0-0 5. 0-0 d5 6. cxd5 Nxd5 7. Nc3 Nb6 8. d3 Nc6 9. Bf4 e5 10. Bg5 f6 11. Be3 Be6 12. Qd2 Nd5 13. Bh6 Nce7 14. Bxg7 Kxg7 15. Ne4 b6 16. d4 exd4 17. Nxd4 Bg8 18. Rfd1 Qe8 19. e3 Rd8 20. Qe2 c5 21. Nb5 Nc8 22. Nec3 Nxc3 23. Nxc3 Qe7 24. a4 Bb3 25. Rxd8 Rxd8 26. Qb5 Bf7 27. Qe2 Rd7 28. Rd1 Qd8 29. Rxd7 Qxd7 30. a5 bxa5 31. Ne4 c4 32. Qc2 Qd3 33. Qxd3 cxd3 34. Kf1 Nb6 35. Nc5 Bc4 36. Ke1 Bb5 37. b3 a4 38. bxa4 Nxa4 39. Ne6+ Kf7 40. Bd5 Nc3 41. Bb3 Ke7 42. Nd4 Ba6 43. f3 Nb5 44. Nc6+ Kd6 45. Nb4 Nc7 46. Kd2 Bb5 47. Nxd3 a5 48. Nb2 Kc5 49. Kc3 Bc6 50. Nd3+ Kd6 51. e4 Nb5+ 52. Kc4 Na3+ 53. Kd4 Nb5+ 1/2-1/2

[Event "Porto Alegre Trois Cup"]
[Site "Porto Alegre"]
[Date "2022.08.20"]
[Round "2"]
[White "Medina, Matheus"]
[Black "Sardi, Sergio Augusto"]
[Result "0-1"]
[WhiteElo "1800"]
[BlackElo "1871"]
[PlyCount "74"]
[EventDate "2022.08.19"]
[EventType "swiss"]
[EventRounds "5"]
[EventCountry "BRA"]
[SourceTitle "CBM 210 Extra"]
[Source "ChessBase"]
[SourceDate "2022.11.30"]
[SourceVersion "1"]
[SourceVersionDate "2022.11.30"]
[SourceQuality "1"]

1. d4 d5 2. e3 Nf6 3. Bd2 Bg4 4. Be2 Bxe2 5. Qxe2 c6 6. Nf3 e6 7. g3 Nbd7 8. Nc3 Bd6 9. 0-0 0-0 10. Rfe1 Re8 11. Rab1 e5 12. dxe5 Bxe5 13. Nxe5 Nxe5 14. Qf1 Nf3+ 15. Kh1 Nxd2 16. Qd3 Nxb1 17. Rxb1 Qd7 18. b4 a6 19. a3 Re5 20. f4 Ng4 21. Qd2 Rh5 22. Kg1 Rxh2 23. Qd1 Re8 24. e4 Rh1+ 25. Kxh1 Nf2+ 26. Kg2 Nxd1 27. Rxd1 Qg4 28. Re1 Qg6 29. e5 Qxc2+ 30. Ne2 f6 31. Rc1 Qxe2+ 32. Kg1 Qe3+ 33. Kg2 Qxc1 34. exf6 gxf6 35. a4 f5 36. a5 Re2+ 37. Kh3 Qh1# 0-1